Estudios sobre el estado de derecho y la democracia
Salvato in:
| Autore principale: | |
|---|---|
| Natura: | Libro |
| Lingua: | spagnolo |
| Pubblicazione: |
Madrid
Editorial Trotta
2000
|
| Edizione: | 1a. ed |
| Serie: | Colección Estructuras y Procesos. Serie Derecho
|
| Soggetti: | |
| Accesso online: | Disponible Online pp.17-45 |
| Tags: |
Aggiungi Tag
Nessun Tag, puoi essere il primo ad aggiungerne!!
|
MARC
| LEADER | 00000cam a2200000 a 4500 | ||
|---|---|---|---|
| 001 | UCD6262 | ||
| 003 | CL-VaPUC | ||
| 005 | 20220810143548.0 | ||
| 008 | 161124e20000000sp |||||||||||||||||spa|d | ||
| 999 | |c 366619 |d 366617 | ||
| 020 | |a 9788481643978 | ||
| 040 | |c Pontificia Universidad Católica de Valparaíso | ||
| 082 | 0 | 4 | |a 342.2 WOL 2000 |2 21 |
| 100 | 0 | |a Wolfgang Böckenförde, Ernst |e author |9 590019 | |
| 245 | 1 | 0 | |a Estudios sobre el estado de derecho y la democracia |
| 250 | |a 1a. ed | ||
| 260 | |a Madrid |b Editorial Trotta |c 2000 | ||
| 300 | |a 201 p | ||
| 490 | 0 | |a Colección Estructuras y Procesos. Serie Derecho | |
| 583 | |a last modification |c 20161124 22:47:00 |k Rodrigo Vera | ||
| 650 | 0 | |a Estado de derecho |9 257795 | |
| 650 | 0 | |a Derecho constitucional |9 222588 | |
| 650 | 0 | |a Democracia |9 255256 | |
| 856 | |u http://bibliografiadigital.pucv.cl/index.php/bibliotecapucv/catalog/book/955 |y Disponible Online pp.17-45 | ||
| 942 | |c BK |2 ddc | ||
| 945 | |d 20161124 22:47:00 |a arojas | ||
| 952 | |0 0 |1 0 |3 erb |4 0 |6 342_200000000000000_WOL_2000 |7 0 |8 A |9 481024 |a BIBDER |b BIBDER |i 5350352 |l 1 |o 342.2 WOL 2000 |p 5350352 |r 2023-01-25 |s 2022-08-19 |w 2019-11-24 |y BK |z Catalogado en:20161124 |k DER | ||